[Event "Tatran Cup"]
[Site "Stary Smokovec"]
[Date "1990.??.??"]
[Round "1"]
[White "Stohl, Igor"]
[Black "Fominyh, Alexander"]
[Result "0-1"]
[WhiteElo "2525"]
[BlackElo "2530"]
[Annotator "Ribli,Z"]
[PlyCount "86"]
[EventDate "1990.??.??"]
[EventType "tourn"]
[EventRounds "11"]
[EventCountry "CSR"]
[EventCategory "10"]
[SourceTitle "CBM 021"]
[Source "ChessBase"]
[SourceDate "1991.04.01"]
[SourceVersion "1"]
[SourceVersionDate "1991.04.01"]
[SourceQuality "1"]

1. c4 c5 2. Nf3 g6 3. d4 cxd4 4. Nxd4 Nf6 5. Nc3 d5 6. Bg5 Ne4 7. Nxe4 dxe4 8.
Nb5 (8. Qa4+ Bd7 9. Qc2 Nc6 10. Qxe4 Bg7 11. Nxc6 Bxc6 $44 {Taimanov}) 8...
Qxd1+ 9. Rxd1 Na6 10. Be3 Bg7 11. Bd4 Bxd4 12. Rxd4 f5 13. e3 Bd7 14. c5 Be6 $1
15. b4 Kf7 16. a3 Rhc8 17. Rd1 Nc7 18. Nd4 Bd5 19. Be2 a5 $1 20. Nb5 Nxb5 21.
Bxb5 e6 22. O-O axb4 23. axb4 Ra2 24. Ra1 Rca8 $15 25. Rxa2 Rxa2 26. Rb1 g5 27.
g3 Kf6 28. Bf1 Rc2 29. Rd1 Rb2 30. b5 Rc2 31. c6 bxc6 32. bxc6 Bxc6 33. Ra1 Bd5
34. Rd1 Rb2 35. Rc1 Bb3 36. Bc4 Bc2 37. Kg2 Bd3 38. Rc3 Rd2 39. Bb3 Be2 40. Rc6
Bf3+ 41. Kh3 Rxf2 42. Rxe6+ Kg7 43. Re7+ Kg6 0-1

[Event "Tatran Cup"]
[Site "Stary Smokovec"]
[Date "1990.??.??"]
[Round "3"]
[White "Razuvaev, Yuri S"]
[Black "Horvath, Jozsef"]
[Result "1-0"]
[WhiteElo "2570"]
[BlackElo "2540"]
[Annotator "Ribli,Z"]
[PlyCount "62"]
[EventDate "1990.??.??"]
[EventType "tourn"]
[EventRounds "11"]
[EventCountry "CSR"]
[EventCategory "10"]
[SourceTitle "CBM 021"]
[Source "ChessBase"]
[SourceDate "1991.04.01"]
[SourceVersion "1"]
[SourceVersionDate "1991.04.01"]
[SourceQuality "1"]

1. c4 c5 2. Nf3 Nf6 3. Nc3 Nc6 4. d4 cxd4 5. Nxd4 Qb6 $6 (5... e6 $5) 6. Nb3 e6
7. a3 d5 {-> A 33} 8. Be3 Qd8 9. cxd5 Nxd5 10. Nxd5 exd5 11. g3 Bd6 (11... a5
12. Bg2 a4 13. Nd4 Qa5+ 14. Qd2 Qxd2+ 15. Kxd2 Na5 16. Bxd5 $16 {Stohl,
I-Polgar,J Amsterdam OHRA-B 1990 CBM/20}) 12. Bg2 Be5 13. O-O $1 Bxb2 14. Ra2
Bf6 15. Rd2 $1 O-O 16. Rxd5 Qc7 17. Bf4 Qb6 18. Nc5 Qb2 19. Nd3 Qa2 20. Bd6 Re8
21. Nf4 Bg4 22. Rd2 Qc4 23. Bd5 Qa6 24. h3 Bd7 25. Qb3 Nd8 26. Nh5 Bg5 27. Qb2
$1 Bh6 28. g4 Kh8 29. Bf4 Re7 30. Bc4 b5 31. Rd6 Qxd6 1-0

[Event "New York op"]
[Site "New York"]
[Date "1991.??.??"]
[Round "7"]
[White "Benko, Pal C"]
[Black "Dzindzichashvili, Roman"]
[Result "0-1"]
[WhiteElo "2405"]
[BlackElo "2555"]
[Annotator "Ribli,Z"]
[PlyCount "146"]
[EventDate "1991.03.??"]
[EventType "swiss"]
[EventRounds "9"]
[EventCountry "USA"]
[SourceTitle "CBM 023"]
[Source "ChessBase"]
[SourceDate "1991.08.01"]
[SourceVersion "1"]
[SourceVersionDate "1991.08.01"]
[SourceQuality "1"]

1. d4 Nf6 2. c4 c5 3. Nf3 cxd4 4. Nxd4 b6 5. f3 Bb7 6. e4 d6 7. Nc3 e6 8. Be2
Be7 9. O-O O-O 10. Be3 Nbd7 11. Qd2 (11. a4 Nc5 12. b4 Ncd7 13. Nb3 d5 $5 14.
exd5 exd5 15. c5 a5 $1 16. Bb5 axb4 17. c6 bxc3 18. cxb7 Rb8 19. Rc1 Rxb7 20.
Rxc3 Bd6 $13 {Belov,I-Fischbein,A Moscow-A 1989 CBM/14}) 11... a6 12. Rfd1 (12.
a4 Qc7 13. a5 Rfe8 14. Rfc1 Rab8 15. Nd5 $1 exd5 16. cxd5 Qd8 17. Nc6 Bxc6 18.
dxc6 Nc5 19. b4 $14 {Cvetkovic,S-Ilincic,Z Vrnjacka Banja 1989 CBM/13}) 12...
Qc7 13. Rac1 Rac8 14. Bf1 Rfd8 15. Kh1 Qb8 16. Bf2 Bf8 17. Nc2 $6 Ne5 18. b3
Ba8 19. Na4 Nfd7 20. Nc3 g6 21. Ne3 Nf6 22. Qd4 Be7 23. Nc2 Nfd7 24. Qd2 h5 25.
Be3 Kh7 26. Be2 Rg8 27. f4 Ng4 28. Bg1 Ngf6 29. Bf3 b5 30. cxb5 axb5 31. Re1 b4
32. Na4 e5 33. Rcd1 Rxc2 $5 34. Qxc2 exf4 35. Rc1 Ne5 36. Nb6 Bc6 37. Bd4 Bb5
38. Bxe5 dxe5 39. Qc7 Qxc7 40. Rxc7 Bd8 41. Rxf7+ Rg7 42. Rxg7+ Kxg7 43. Nc4
Bxc4 44. bxc4 $14 g5 45. c5 g4 46. Bd1 Kf8 47. Bc2 Be7 48. c6 Bd6 49. Rd1 Ke7
50. Kg1 Bc5+ 51. Kf1 Bd4 52. Bd3 Kd6 53. Rc1 Ne8 54. Bc4 Kc7 55. Ke2 Nd6 56.
Bd5 Nb5 57. Rc4 Bc3 58. Rc5 Nd6 59. Ra5 b3 $1 60. Ra7+ Kb6 61. Ra3 b2 62. Rb3+
Kc7 63. a4 Bd4 64. a5 Nc8 65. Rb7+ (65. Kd1 $1) 65... Kd6 66. a6 $2 (66. Kd1 $1
) 66... Nb6 67. Rxb6 $2 (67. Ba2 $1) 67... Bxb6 68. Ba2 h4 69. h3 f3+ $1 70.
gxf3 gxh3 71. Kf1 Kxc6 72. Bb1 Kd6 73. Bd3 Ke7 0-1

[Event "SUI-GP"]
[Site "Suhr"]
[Date "1991.??.??"]
[Round "4"]
[White "Gheorghiu, Florin"]
[Black "Landenbergue, Claude"]
[Result "1/2-1/2"]
[WhiteElo "2495"]
[BlackElo "2410"]
[Annotator "Ribli,Z"]
[PlyCount "32"]
[EventDate "1991.03.??"]
[EventType "tourn"]
[EventRounds "9"]
[EventCountry "SUI"]
[EventCategory "8"]
[SourceTitle "CBM 022"]
[Source "ChessBase"]
[SourceDate "1991.06.01"]
[SourceVersion "1"]
[SourceVersionDate "1991.06.01"]
[SourceQuality "1"]

1. d4 Nf6 2. c4 c5 3. Nf3 cxd4 4. Nxd4 e5 5. Nc2 d5 6. cxd5 Qxd5 7. Qxd5 Nxd5
8. g3 Nc6 9. Bg2 Be6 10. O-O Be7 (10... O-O-O 11. Bd2 Kb8 12. Nc3 Ndb4 13. Nxb4
Bxb4 {Andersson,U-Gelfand,B Tilburg 1990 CBM/20 50/(43)}) 11. Bd2 O-O-O 12. Nc3
Nxc3 13. Bxc3 Bd5 14. Rfd1 Bxg2 15. Kxg2 Rxd1 16. Rxd1 Rd8 1/2-1/2

[Event "Mitropa Cup 15th"]
[Site "Bad Woerishofen"]
[Date "1993.??.??"]
[Round "?"]
[White "Robatsch, Karl"]
[Black "Tolnai, Tibor"]
[Result "0-1"]
[WhiteElo "2410"]
[BlackElo "2500"]
[Annotator "Ribli,Z"]
[PlyCount "80"]
[EventDate "1993.01.17"]
[EventType "team-tourn"]
[EventRounds "7"]
[EventCountry "GER"]
[SourceTitle "CBM 034"]
[Source "ChessBase"]
[SourceDate "1993.06.01"]
[SourceVersion "1"]
[SourceVersionDate "1993.06.01"]
[SourceQuality "1"]

1. Nf3 c5 2. c4 Nc6 3. d4 cxd4 4. Nxd4 Nf6 5. Nc3 Qb6 6. Nb3 e6 7. Be3 (7. a3
d5 $6 8. Be3 Qd8 9. cxd5 Nxd5 10. Nxd5 exd5 11. g3 Be7 12. Bg2 Bf6 13. Qd2 $14
{Speelman,J-Sax,G Hastings 1990 CBM/22 51/45}) (7. Bg5 Bb4 8. Bxf6 gxf6 9. Rc1
Na5 10. e3 Nxb3 11. Qxb3 Bc5 12. Qc2 Qc6 13. a3 f5 14. Nd5 $1 $14 {Stangl,
M-Tolnai,T Kecskemet 1990 CBM/20}) 7... Qc7 8. Rc1 a6 9. Qd2 $6 (9. g3 $5) 9...
Bb4 10. Bf4 $2 (10. a3 $5 Ne4 11. Qd3 Bxc3+ 12. bxc3 f5 13. f3 $13) 10... e5
11. Bg3 Ne4 12. Qc2 Nxc3 13. bxc3 Ba3 14. Rb1 d6 15. e4 O-O 16. Bd3 Be6 $15 {
>< c4} 17. O-O Rab8 18. f3 Na5 19. Nxa5 Qxa5 20. Bf2 Rfc8 21. Bb6 Bc5+ 22. Bxc5
Qxc5+ 23. Qf2 Bxc4 24. Qxc5 Rxc5 25. Bxc4 Rxc4 26. Rb6 Rxc3 27. Rfb1 Ra3 28.
Rxb7 Rxb7 29. Rxb7 Kf8 30. Rb2 $2 (30. Rd7 $1 Rxa2 (30... Rd3 31. a4 $1) 31.
Rxd6 $17) 30... Ke7 31. Kf2 Ke6 32. Kg3 g6 $19 33. Kg4 h6 34. h4 Ra4 35. Kh3 h5
36. Kg3 a5 37. Rc2 Ra3 38. Kh2 a4 39. Kh3 f5 $1 40. Re2 fxe4 0-1

[Event "Sochi-A"]
[Site "Sochi"]
[Date "1989.??.??"]
[Round "?"]
[White "Geller, Efim P"]
[Black "Khalifman, Alexander"]
[Result "1/2-1/2"]
[WhiteElo "2505"]
[BlackElo "2545"]
[Annotator "Ribli,Z"]
[PlyCount "31"]
[EventDate "1989.01.??"]
[EventType "tourn"]
[EventRounds "15"]
[EventCountry "URS"]
[EventCategory "10"]
[SourceTitle "CBM 016"]
[Source "ChessBase"]
[SourceDate "1990.06.01"]
[SourceVersion "1"]
[SourceVersionDate "1990.06.01"]
[SourceQuality "1"]

1. Nf3 Nf6 2. c4 c5 3. Nc3 Nc6 4. d4 cxd4 5. Nxd4 Qb6 6. Nc2 (6. e3 e6 {
6...g6!? 7.Be2,Bg7 8.0-0,0-0 9.Nc2  Timman-Van der Wiel  Amsterdam 1988 45/38}
7. Be2 d5 {7...Be7 8.0-0,0-0 =  Adorjan-Horvath  Szirak 1985 40/(55)} 8. O-O
Be7 9. cxd5 Nxd5 10. Na4 Qc7 11. e4 Nxd4 12. Qxd4 Bf6 13. Bb5+ Bd7 14. Bxd7+
Qxd7 15. Qc5 b6 16. Qa3 Nc7 17. Bf4 Nb5 18. Qg3 O-O {Kotchnoi-Sax  Bruxelles
1985 40/(55)  =}) (6. Nb3 $5 e6 7. a3 $5 {7.e3,Bb4! 8.Bd2,d5 9.cxd5,exd5 =
Hazai 7.e4,Bb4  8.Bd3,Ne5   Kortchnoi-Van der Wiel Amsterdam 1988 46/47} Ne5 $6
8. Be3 Qd8 9. Bf4 d6 10. c5 a6 11. e3 {11.Rc1!?;  11.g3!?  Speelman} Qc7 $2 {
11...b5! Speelman} 12. cxd6 Qxd6 13. Be2 {Speelman-Sax  Thessalonoki olm 1988
46/48  +/-}) 6... e6 7. e3 Be7 8. Be2 O-O 9. O-O a6 10. e4 d6 11. Be3 Qa5 12.
Qd2 Bd7 13. Rfd1 Rfc8 14. f3 Rab8 15. Rab1 Qc7 16. Rbc1 1/2-1/2

[Event "Toledo"]
[Site "Toledo"]
[Date "1991.??.??"]
[Round "1"]
[White "Ubilava, Elizbar"]
[Black "Vehi Bach, Victor Manuel"]
[Result "1-0"]
[WhiteElo "2535"]
[BlackElo "2420"]
[Annotator "Ribli,Z"]
[PlyCount "85"]
[EventDate "1991.02.??"]
[EventType "tourn"]
[EventRounds "9"]
[EventCountry "ESP"]
[EventCategory "8"]
[SourceTitle "CBM 022"]
[Source "ChessBase"]
[SourceDate "1991.06.01"]
[SourceVersion "1"]
[SourceVersionDate "1991.06.01"]
[SourceQuality "1"]

1. c4 c5 2. Nf3 b6 3. e4 Bb7 4. Nc3 d6 5. d4 cxd4 6. Nxd4 Nf6 7. f3 e6 8. Be2
Be7 9. O-O O-O 10. Be3 a6 11. Kh1 (11. a4 Nbd7 12. a5 d5 {Sher,B-Vegh,E
Budapest Elekes 1989 CBM/14}) 11... Qc7 12. Nb3 Re8 13. Re1 Nc6 14. Rc1 Ne5 15.
Nd2 Rac8 16. b4 d5 $5 17. cxd5 Bxb4 18. Ndb1 Qe7 19. d6 Qxd6 20. Qxd6 Bxd6 21.
Bxb6 Ned7 22. Be3 Bc5 23. Bxc5 Rxc5 24. Na4 Rxc1 25. Rxc1 Rc8 26. Rxc8+ Bxc8
27. Nd2 Kf8 28. Nc4 Ke7 29. Kg1 Ne8 30. Kf2 e5 31. Ke3 Nc7 32. Kd2 f6 33. Kc3
Nb5+ 34. Kb4 Nd4 35. Bd3 Nc6+ 36. Kc3 Nd4 37. a3 Ke6 38. Nab6 Bb7 $2 (38...
Nxb6 39. Nxb6 Bb7) 39. Na5 $1 Nxb6 40. Nxb7 Nb5+ 41. Bxb5 axb5 42. Kb4 Nc4 43.
a4 1-0

[Event "ARG-ch 89th"]
[Site "Saenz Pena"]
[Date "2014.07.17"]
[Round "11"]
[White "Mareco, Sandro"]
[Black "Iermito, Sebastian"]
[Result "1/2-1/2"]
[WhiteElo "2592"]
[BlackElo "2475"]
[Annotator "Rosito,J"]
[PlyCount "178"]
[EventDate "2014.07.09"]
[EventType "tourn"]
[EventRounds "13"]
[EventCountry "ARG"]
[EventCategory "9"]
[SourceTitle "CBM 161 Extra"]
[Source "ChessBase"]
[SourceDate "2014.08.29"]
[SourceVersion "1"]
[SourceVersionDate "2014.08.29"]
[SourceQuality "1"]

1. c4 c5 2. Nf3 Nc6 3. d4 cxd4 4. Nxd4 Nf6 5. Nc3 d5 $5 {Una línea poco
practicada. Son más usuales.} (5... Qb6 6. Nb3 e6 7. g3 Ne5 8. e4 Bb4 9. Qe2 d6
10. f4 Nc6) (5... e6) (5... g6) 6. cxd5 Nxd5 7. Nxc6 bxc6 8. Qc2 ({Otra
posibilidad es} 8. Bd2) 8... e6 9. g3 Nxc3 10. Qxc3 Qd5 11. Rg1 a5 12. a3 $2 {
Ofrecimiento de tablas} ({Era necesario} 12. Bg2 Bb4 13. Qxb4 axb4 14. Bxd5
cxd5 15. Bd2 {Con final equilibrado.}) 12... Bb4 $1 13. axb4 axb4 14. Rxa8 bxc3
15. Rxc8+ {Momento crítico.} Kd7 $2 {Iermito pensó cerca de una hora y no
acertó con la jugada correcta.} (15... Ke7 $1 16. Rxh8 c2 17. Bd2 (17. f3 Qd1+
18. Kf2 Qxc1 {Con final ganador}) 17... Qa5 $3 {Hermosa jugada que hubiese
definido la patida.}) 16. Rxh8 c2 17. Bd2 Qa5 18. Rd8+ $1 {Excelente recurso
defensivo. Esta jugada demuestra porque el rey debe estar en e7. Esta fina
sutileza cambia la valoración de la posición.} Qxd8 19. e3 {Ahora el blanco
tiene tiempo para organizar su defensa. La situación se vuelve incierta y a
Iermito le quedan 10 minutos en el reloj.} Qa8 20. Bc1 Qa5+ 21. Ke2 Qh5+ 22. f3
Qxh2+ 23. Rg2 Qh1 24. Ke1 Ke7 25. e4 {Después de r más de media hora, Mareco
rechaza tablas. 5 minutos para Iermito.} h5 26. Be3 f6 27. e5 g5 28. exf6+ Kxf6
29. Rxc2 h4 30. gxh4 gxh4 31. Rc4 Kf5 32. Bf2 Qxf3 33. Rxh4 e5 34. Rb4 e4 35.
Be2 Qf4 36. Rc4 Qb8 37. b4 Qd6 38. Be3 Qg3+ 39. Kd2 Qd6+ 40. Kc2 Qe6 41. Rc5+
Kg6 42. Bc4 Qd6 43. Bd2 Kh7 44. Rh5+ Kg7 45. Bc3+ Kf8 46. Rf5+ Ke8 47. Re5+ Kd7
48. Rxe4 {El final se debe ganar, pero con poco tiempo no es una tarea fácil.}
Qh2+ 49. Re2 Qh7+ 50. Kb2 Kc7 51. Be5+ Kb7 52. Bd6 Qh8+ 53. Kc2 Qh7+ 54. Bd3
Qg8 55. Re7+ Ka8 56. Kc3 Qa2 57. Bc4 Qa3+ 58. Kc2 Qa4+ 59. Bb3 Qa1 60. Bc5 Qh1
61. Bc4 Qg2+ 62. Re2 Qg6+ 63. Kb2 Qf6+ 64. Kb3 Qf3+ 65. Kc2 Qf5+ 66. Bd3 Qd5
67. Re8+ Kb7 68. Re7+ Kb8 69. Be4 Qa2+ 70. Kd1 Qa4+ 71. Ke2 Qa2+ 72. Kf3 Qa6
73. Bd6+ Ka8 74. Kg3 Qa3+ 75. Bf3 Qc1 76. Re5 Ka7 77. Bc5+ Ka6 78. Be3 Qc3 79.
Ra5+ Kb7 80. Ra7+ Kb8 81. Bc5 Qe5+ 82. Kf2 Qh2+ 83. Ke3 Qe5+ 84. Be4 Qc3+ 85.
Kf4 Qf6+ 86. Bf5 Qe5+ {Aparecen los temas de ahogo.} 87. Kg5 Qf6+ 88. Kf4 Qe5+
89. Kg4 Qf4+ 1/2-1/2

[Event "FRA-NED"]
[Site "Cannes"]
[Date "1990.??.??"]
[Round "3"]
[White "Ree, Hans"]
[Black "Prie, Eric"]
[Result "0-1"]
[WhiteElo "2455"]
[BlackElo "2435"]
[Annotator "Schussler,H"]
[PlyCount "88"]
[EventDate "1990.02.??"]
[EventType "schev"]
[EventRounds "10"]
[EventCountry "FRA"]
[SourceTitle "CBM 018"]
[Source "ChessBase"]
[SourceDate "1990.10.01"]
[SourceVersion "1"]
[SourceVersionDate "1990.10.01"]
[SourceQuality "1"]

1. Nf3 Nf6 2. d4 c5 3. d5 g6 4. c4 d6 5. Nc3 Bf5 6. Nh4 Bd7 7. g3 Bg7 8. Bg2 b5
9. cxb5 a6 10. bxa6 Nxa6 11. O-O O-O 12. h3 Qb6 13. Re1 Ne8 14. Nf3 Nec7 15. e4
Nb4 16. e5 Bf5 17. g4 Bc2 18. Qd2 Bb3 19. Rb1 Nxa2 20. e6 f6 21. Nh2 Nb4 22.
Be4 f5 23. gxf5 gxf5 24. Bf3 Bc2 25. Kh1 Kh8 26. Rg1 Rg8 27. Nf1 Nb5 28. Ne3
Bxb1 29. Nxb1 Nd4 30. Bg2 Ra1 31. Nc4 Qa6 32. Nba3 Nb3 33. Qf4 Rxc1 34. Rxc1
Nd3 35. Qxf5 Nbxc1 36. Be4 Nxf2+ 37. Qxf2 Qa4 38. Bc2 Qb4 39. Qh4 Bh6 40. Kh2
Bf4+ 41. Qxf4 Qe1 42. Qe3 Ne2 43. Bd3 Qf1 44. Be4 Nf4 {The threat is 45. -
Rg2+.} 0-1

[Event "Arnhem Euwe Stimulans-A"]
[Site "Arnhem"]
[Date "2007.08.19"]
[Round "3"]
[White "Simutowe, Amon"]
[Black "Rothuis, Vincent"]
[Result "1-0"]
[WhiteElo "2421"]
[BlackElo "2441"]
[Annotator "Simutowe,A"]
[PlyCount "39"]
[EventDate "2007.08.17"]
[EventType "tourn"]
[EventRounds "9"]
[EventCountry "NED"]
[EventCategory "7"]
[SourceTitle "CBM 119 Extra"]
[Source "ChessBase"]
[SourceDate "2007.09.04"]
[SourceVersion "1"]
[SourceVersionDate "2007.09.04"]
[SourceQuality "1"]

1. d4 Nf6 2. c4 c5 3. Nf3 cxd4 4. Nxd4 e5 (4... e6 5. Nc3 Nc6 {is another
variation.}) 5. Nb5 d5 6. cxd5 Bc5 7. N5c3 Bg4 (7... O-O {is more common.}) 8.
Qb3 (8. h3 $2 {gives Black a strong attack after} Qb6 $1 9. Qa4+ (9. hxg4 Bxf2+
10. Kd2 Nc6 {gives Black a very strong attack.}) 9... Bd7 10. Qh4 Qd6 11. e4
O-O 12. Be2 Rc8 13. O-O {Black has compensation for the pawn because the
dark-squared bishop is very strong.}) 8... e4 $2 9. Nxe4 $1 Nxe4 10. Qa4+ Nc6
11. Qxe4+ (11. dxc6 $4 {loses to} Bxf2#) 11... Qe7 12. Qxe7+ (12. Qxg4 {
is possible but} Nb4 {would have given Black a chance to complicate the game
despite being material down. The text move is straightforward.}) 12... Nxe7 13.
Nc3 O-O-O 14. f3 Nxd5 (14... Bh5 15. e4 {with White two pawns up, it would
just be a matter of time before Black loses.}) 15. Nxd5 Rxd5 16. fxg4 Rhd8 17.
e3 Rd1+ 18. Kf2 (18. Ke2 $2 {would have given Black a chance to get back some
material plus relatively more active pieces.} Bb4 19. g3 Re1+ 20. Kf2 Rdd1)
18... Bb4 19. g3 R8d6 20. Bg2 {Black resigned.} (20. Bg2 Rxh1 21. Bxh1 Rd1 22.
Bf3 Re1 {threatening ....Bd2 but White would still be better after Bxd2 as the
two bishops would be stronger than the rook. White can also prevent material
loss by...} 23. b3 Bc3 24. Rb1 Bd2 25. Rb2 Bxc1 $4 26. Rc2+ {winning the rook
on e1.}) 1-0

[Event "Hoogovens"]
[Site "Wijk aan Zee"]
[Date "1996.01.22"]
[Round "8"]
[White "Timman, Jan H"]
[Black "Topalov, Veselin"]
[Result "1/2-1/2"]
[WhiteElo "2620"]
[BlackElo "2700"]
[Annotator "Stohl,I"]
[PlyCount "133"]
[EventDate "1996.01.13"]
[EventType "tourn"]
[EventRounds "13"]
[EventCountry "NED"]
[EventCategory "17"]
[SourceTitle "CBM 051"]
[Source "ChessBase"]
[SourceDate "1996.04.01"]
[SourceVersion "1"]
[SourceVersionDate "1996.04.01"]
[SourceQuality "1"]

1. d4 {Hecht} Nf6 2. c4 c5 3. Nf3 cxd4 4. Nxd4 e5 5. Nb5 d5 6. cxd5 Bc5 7. N5c3
(7. e3 O-O 8. Bc4 a6 9. N5c3 e4 10. a3 Bd6 11. Nd2 Re8 12. Qc2 Qe7 13. b4 Bf5
14. Bb2 Nbd7 15. Be2 Rac8 16. Qb3 Ne5 17. h3 h5 18. Nc4 Nxc4 19. Bxc4 Nd7 20.
Be2 h4 21. Kd2 Qg5 22. g4 hxg3 23. fxg3 Ne5 $36 {Pokorny,T-Voloshin,L/Lazne
Bohdanec-B/1996/}) 7... O-O 8. e3 Qe7 9. Be2 e4 10. a3 (10. b3 Rd8 11. Qc2 Bf5
12. Bb2 Nbd7 13. a3 Ne5 14. b4 Nd3+ 15. Bxd3 exd3 16. Qd2 Bb6 17. O-O Rac8 18.
Re1 Ng4 19. h3 Ne5 20. e4 Bxh3 21. Qf4 Rd6 22. Nd1 Rg6 23. Bxe5 Rxg2+ 24. Kh1
Rg4 25. Bf6 Qxf6 26. Qxf6 gxf6 $19 {->,Esteban,JM-Gomez,M/San Sebastian op/
1994/}) (10. Nd2 Rd8 11. Qc2 Bf5 12. O-O Nbd7 13. Nc4 Rac8 14. Rd1 Ne5 15. Nxe5
Qxe5 16. Bd2 Bg4 17. Be1 Bd6 18. Bxg4 Qxh2+ 19. Kf1 Nxg4 20. Qxe4 f5 21. Qf3
Rf8 22. Rac1 Qh1+ 23. Ke2 Nh2 $1 24. Qh3 Qf1+ 25. Kd2 Ng4 26. Kc2 b5 $1 $40 {
Servat,R-Hoffman,A/ARG-ch/1995/}) 10... Rd8 (10... a6 11. b4 Ba7 12. Nd2 Bf5
13. Bb2 Rd8 14. Qb3 Nbd7 15. Nc4 Ne8 16. g4 Bg6 17. h4 h6 18. O-O-O Nd6 19.
Nxd6 Qxd6 20. Kb1 Ne5 21. h5 Bh7 22. g5 hxg5 23. Rdg1 f6 24. h6 Bg6 25. Ka1
Rac8 26. Bg4 $5 f5 27. Bxf5 Bxf5 28. Rxg5 $40 {Stepovoj,V-Usov,A/Kstovo op/
1994/}) (10... a5 11. Nd2 Rd8 12. Qc2 Bf5 13. g4 Bg6 14. h4 h6 15. h5 Bh7 16.
g5 hxg5 17. h6 Nbd7 18. hxg7 Rac8 19. Nc4 Ne5 20. Nxe5 Qxe5 21. Bd2 Nxd5 22.
Nxd5 Qxd5 $13 {1/2/Modr,B-Tseitlin,Mi/Prague/1983/}) 11. b4 Bd6 (11... Bb6 12.
Bb2 Bf5 13. g4 Be6 14. Qc2 Bxg4 15. Bxg4 Nxg4 16. Nxe4 Nd7 17. Rg1 Nde5 18. Qe2
f5 19. Ng3 Rxd5 20. Nxf5 Qf7 21. Bxe5 Rxe5 22. Qxg4 Rxf5 23. Nd2 Rc8 24. Rd1
Rc6 $44 {Rotstein-Stranjakovitch/Paris-ch/1992/}) 12. Bb2 a5 $5 $146 {A fresh
new idea. Before Black concentrated mainly on gaining back his pawn after
Nd7-b6, or placing the N on e5 and massing forces against White's King-side.
Topalov chooses another route for his N and shows, that also White's
Queen-side has been seriously weakened.} (12... Bf5 13. Nd2 Nbd7 14. Nc4 Ne5
15. Nxd6 Rxd6 16. O-O Rad8 17. Qb3 a6 18. f3 $6 exf3 19. Bxf3 Bd3 20. Be2 Neg4
21. Rf3 Nxh2 22. Rg3 Bxe2 23. Nxe2 Nhg4 24. Qc3 Rxd5 25. Nd4 Ne4 26. Rxg4 Nxc3
{0-1/Trapl,J-Kupka,S/Litomerice/1990/}) (12... Be5 13. Qb3 Nbd7 14. Nd2 Nb6 15.
Nc4 (15. Rd1 Bf5 16. Nc4 Nxc4 17. Qxc4 Rac8 18. Qb3 a6 19. Na4 Bxb2 20. Qxb2
Rxd5 21. Rxd5 Nxd5 22. O-O Qf6 23. Rc1 Qxb2 24. Rxc8+ Bxc8 25. Nxb2 Nc3 26. Kf1
Be6 $15 {[%csl Ra3,Rb4] ׫,Lautier,J-Illescas Cordoba,M/Linares/1995/}) 15...
Nxc4 16. Bxc4 Bf5 17. Nb5 Bxb2 18. Qxb2 Nxd5 19. Nd4 Qe5 20. Qb3 Bg6 21. Bxd5
Rxd5 22. Rc1 f5 23. Rc5 Bf7 24. Rxd5 Bxd5 25. Qc3 f4 $132 {Hodos-Gofshtejn/
Daugavpils/1978/}) (12... Nbd7 13. Nd2 Nb6 14. Qb3 Bf5 15. Rd1 Rac8 16. Nb5 {
1/2/Haba,Z-Hudecek,J/CS-chT/1992/}) 13. bxa5 (13. b5 Nbd7 $44) 13... Be5 14.
Qa4 (14. O-O Rxa5 $15 {/\Nd5} 15. Bc4 $2 Bxh2+ $1 $40) 14... Na6 (14... Qc5 $2
15. Nxe4 $1 Nxe4 16. Bxe5 $16) (14... Bd7 15. Qb4 $16) 15. Nd2 $6 {White
should have tried to evacuate his K as soon as possible. Now Black's
initiative will be very dangerous.} (15. O-O $142 Nc5 16. Qb4 Bg4 $5 $13 (16...
Nxd5 17. Nxd5 Rxd5 18. Bxe5 Rxe5 {[%cal Ye7c7] /\Qc7=})) 15... Nc5 16. Qb4 Bg4
$1 $44 17. Nc4 (17. Bxg4 $4 Nd3+) (17. f3 exf3 18. gxf3 Nxd5 $1 19. Nxd5 Rxd5
20. fxg4 (20. Bxe5 Qxe5 $17) 20... Bxb2 21. Qxb2 Qxe3 $17 {[%csl Re1][%cal
Rc5d3] /\Nd3,->עe1}) 17... Bxc3+ 18. Qxc3 Bxe2 19. Kxe2 Qd7 {[%csl Ra4,Rb5,
Rc4,Rd3,Re2,Rf3,Rg4] White is weak on the white squares and his K is misplaced.
Black has more than sufficient compensation.} 20. Rhd1 Rac8 21. Kf1 Nd3 {
[%cal Rd3b2] /\Nb2-+} 22. Qb3 (22. Rxd3 exd3 23. Qxd3 (23. e4 $2 Qb5 24. Rc1 d2
$19) 23... Qxd5 $15) 22... Qf5 (22... Qxd5 23. Bxf6 gxf6 24. Nd2 Qf5 25. f3 $13
) 23. Rxd3 $8 (23. f3 $2 Nxb2 (23... Nxd5 24. Rxd3 exd3 25. e4 Qf4 $17) 24.
Nxb2 exf3 $40) 23... exd3 24. Bxf6 Qxf6 (24... gxf6 $142 $1 25. Qb4 Rxd5 $17 {
/\} 26. Nb6 Rc2) 25. Rd1 Qa6 26. Nd2 Qxa5 27. e4 Qa6 28. a4 Rc5 (28... Rc2 $5
$36) 29. g3 Rdc8 30. Kg2 Rc1 (30... Rc3 31. Qb4 $132) 31. Rxc1 Rxc1 32. Qb4 {
[%csl Gd5][%cal Yb4d4,Yd5d6] /\Qd4,d6,o^d} Qf6 $1 (32... Rc2 33. d6 $10) 33.
Qxb7 g6 (33... h5 34. Qb8+ Kh7 35. e5 $13) 34. Qb8+ Kg7 35. e5 Qf5 36. Nf3 Rc2
37. Qb4 Re2 {[%cal Rd3d2] /\d2-+} (37... d2 $6 38. Qd4 $1 {[%cal Rf3d2] /\Nd2+/
=} (38. Nxd2 Qxe5 $17)) 38. Qc3 $6 (38. Qd4 Qe4 39. Qxe4 Rxe4 {[%cal Re4e5] /
\Re5} 40. Kf1 Rxa4 41. Ke1 Ra2 $17) 38... Kh6 $2 {Losing an important tempo
and misplacing his K, as will be seen later. (see comment to move 41)} (38...
d2 $1 39. e6+ f6 $1 (39... Kh6 40. Qd4 fxe6 41. dxe6 Qxe6 (41... Qc2 42. Qf4+
$10) 42. Nxd2 $10) 40. Qb3 (40. Qd4 Qc2 41. Nxd2 Qxd2 $19 42. Qa7+ Kh6 43. Qc5
Re5 44. e7 Qe2 $19) 40... Qe4 {[%cal Re2e1] /\Re1} 41. e7 (41. Qd1 Qe3 $19)
41... Qxe7 42. Qd3 Qe4 43. Qxe4 Rxe4 44. Nxd2 Rxa4 $19) 39. Qd4 $1 Qe4 40. Qxe4
Rxe4 {Hecht: S-T: Abwicklung in 3-2 Bauern am K-Flügel, theoretisches Remis}
41. d6 Rxa4 (41... Rxe5 $2 42. Nxe5 d2 43. d7 d1=Q 44. d8=Q $1 $18) 42. Nd2 $1
{[%cal Yg2f3,Yf3e3] /\Kf3-e3} Kg5 43. f4+ Kf5 44. Kf3 f6 45. exf6 Kxf6 46. Ke3
Ke6 (46... Ra3 47. Nc4 Rc3 48. Ne5 $10) 47. Kxd3 Ra3+ 48. Ke2 Ra2 49. Ke3 Kxd6
50. Ne4+ Ke7 51. h3 $10 Ra3+ 52. Kf2 h6 {[%cal Re7e6,Re6d5] /\Ke6-d5} 53. Kg2
Ke6 54. g4 $1 h5 (54... Kd5 55. Ng3 {[%cal Yf4f5,Yh3h5] /\f5,h4-h5<=>}) 55.
Ng5+ Kd5 56. Kf2 Kd4 (56... h4 57. Nf3 $10) 57. Kg2 Ke3 58. Kg3 Ra6 (58... Ra4
59. gxh5 gxh5 60. Kh4 $10) 59. gxh5 gxh5 60. Kh4 Kxf4 61. Kxh5 Kf5 62. h4 Ra8
63. Kh6 Kg4 (63... Rh8+ 64. Nh7 {[%cal Rh6g7] /\Kg7=}) 64. Kg6 Kxh4 65. Ne6 Kg4
66. Kf6 Ra5 67. Nd4 $10 1/2-1/2